PEM tipi yakıt pilleri için çift kutuplu akış plakalarının modellenmesi / (Record no. 200002203)

MARC details
000 -LEADER
fixed length control field 01220 a2200397 4500
001 - CONTROL NUMBER
control field 200002203
003 - CONTROL NUMBER IDENTIFIER
control field TR-AnTOB
005 - DATE AND TIME OF LATEST TRANSACTION
control field 20260210134036.0
008 - FIXED-LENGTH DATA ELEMENTS--GENERAL INFORMATION
fixed length control field 130405s2010 tu 000 0
040 ## - CATALOGING SOURCE
Original cataloging agency TR-AnTOB
Transcribing agency TR-AnTOB
041 0# - LANGUAGE CODE
Language code of text/sound track or separate title Türkçe
099 ## - LOCAL FREE-TEXT CALL NUMBER (OCLC)
Classification number TEZ TOBB FBE MAK YL'10 EKİ
100 1# - MAIN ENTRY--PERSONAL NAME
Personal name Ekiz, Ahmet
9 (RLIN) 71174
264 ## - PRODUCTION, PUBLICATION, DISTRIBUTION, MANUFACTURE, AND COPYRIGHT NOTICE
Place of production, publication, distribution, manufacture Ankara :
Name of producer, publisher, distributor, manufacturer TOBB ETÜ Fen Bilimleri Enstitüsü,
Date of production, publication, distribution, manufacture, or copyright notice 2010.
245 10 - TITLE STATEMENT
Title PEM tipi yakıt pilleri için çift kutuplu akış plakalarının modellenmesi /
Statement of responsibility, etc. Ahmet Ekiz.
300 ## - PHYSICAL DESCRIPTION
Extent xvii, 89 p.;
Dimensions 29 cm.
502 ## - DISSERTATION NOTE
Dissertation note Tez (Y. Lisans)--TOBB ETÜ Fen Bilimleri Enst. Ağustos 2010.
504 ## - BIBLIOGRAPHY, ETC. NOTE
Bibliography, etc. note
650 00 - SUBJECT ADDED ENTRY--TOPICAL TERM
9 (RLIN) 32546
Topical term or geographic name entry element Tezler, Akademik
Topical term or geographic name entry element Dissertations, Academic
9 (RLIN) 32543
653 ## - INDEX TERM--UNCONTROLLED
Uncontrolled term 2-D modelling.
Uncontrolled term Fuel cell.
Uncontrolled term Comsol.
Uncontrolled term PEM fuel cell.
Uncontrolled term 2-D modelleme.
Uncontrolled term Yakıt hücresi.
Uncontrolled term Comsol.
Uncontrolled term PEM yakıt pili.
710 ## - ADDED ENTRY--CORPORATE NAME
Corporate name or jurisdiction name as entry element TOBB Ekonomi ve Teknoloji Üniversitesi.
Subordinate unit Fen Bilimleri Enstitüsü
9 (RLIN) 77078
856 ## - ELECTRONIC LOCATION AND ACCESS
Host name http://tez2.yok.gov.tr/
902 ## - LOCAL DATA ELEMENT B, LDB (RLIN)
a TZ00120
903 ## - LOCAL DATA ELEMENT C, LDC (RLIN)
a Merkez Kütüphane.
942 ## - ADDED ENTRY ELEMENTS (KOHA)
Koha item type Thesis
Source of classification or shelving scheme Other/Generic Classification Scheme
945 ## - LOCAL PROCESSING INFORMATION (OCLC)
a AİB.
Holdings
Withdrawn status Lost status Source of classification or shelving scheme Not for loan Collection code Home library Current library Shelving location Date acquired Source of acquisition Cost, normal purchase price Serial Enumeration / chronology Total Checkouts Total Holds Full call number Barcode Copy number Cost, replacement price Date shelved Koha item type Public note
    Other/Generic Classification Scheme Ödünç Verilemez-Tez / Not For Loan-Thesis Tezler Merkez Kütüphane Merkez Kütüphane Tez Koleksiyonu / Thesis Collection 08/10/2010 Diğer / Other 0.00 1     TEZ TOBB FBE MAK YL'10 EKİ TZ00120 1 0.01 08/10/2010 Thesis Tez
Devinim Yazılım Eğitim Danışmanlık tarafından Koha'nın orjinal sürümü uyarlanarak geliştirilip kurulmuştur.